[Event "BCF-chT2 0203 (4NCL)"]
[Site "West Bromwich"]
[Date "2003.03.08"]
[Round "5.8"]
[White "Khoo, Teresa"]
[Black "Keeling, Karen"]
[Result "1/2-1/2"]
[WhiteElo "2108"]
[BlackElo "1971"]
[PlyCount "43"]
[EventDate "2002.11.??"]
[EventType "team"]
[EventRounds "11"]
[EventCountry "ENG"]
[SourceTitle "EXT 2004"]
[Source "ChessBase"]
[SourceDate "2003.11.25"]
[SourceVersion "1"]
[SourceVersionDate "2003.11.25"]
[SourceQuality "1"]
[WhiteTeam "Wessex"]
[BlackTeam "White Rose"]
[WhiteTeamCountry "ENG"]
[BlackTeamCountry "ENG"]

1. e4 c6 2. d4 d5 3. Nc3 dxe4 4. Nxe4 Bf5 5. Ng3 Bg6 6. N1e2 Nf6 7. Nf4 e5 8. Nxg6 hxg6 9. Be3 Nbd7 10. dxe5 Qa5+ 11. Qd2 Qxd2+ 12. Bxd2 Nxe5 13. 0-0-0 0-0-0 14. f3 Bc5 15. Be2 Rhe8 16. Bg5 Rxd1+ 17. Rxd1 Nd5 18. Ne4 Be7 19. Bd2 f5 20. Nc3 Nb6 21. Bf4 Bf6 22. Be3 1/2-1/2

[Event "BCF-chT2 0203 (4NCL)"]
[Site "West Bromwich"]
[Date "2003.01.18"]
[Round "3.8"]
[White "Keeling, Karen"]
[Black "MacNab, Louise C"]
[Result "1/2-1/2"]
[WhiteElo "1971"]
[BlackElo "1944"]
[PlyCount "57"]
[EventDate "2002.11.??"]
[EventType "team"]
[EventRounds "11"]
[EventCountry "ENG"]
[SourceTitle "EXT 2004"]
[Source "ChessBase"]
[SourceDate "2003.11.25"]
[SourceVersion "1"]
[SourceVersionDate "2003.11.25"]
[SourceQuality "1"]
[WhiteTeam "White Rose"]
[BlackTeam "Barbican III"]
[WhiteTeamCountry "ENG"]
[BlackTeamCountry "ENG"]

1. c4 c6 2. e4 d5 3. exd5 cxd5 4. cxd5 Nf6 5. Nc3 Nxd5 6. d4 e6 7. Nf3 Bb4 8. Bd2 Nc6 9. a3 Be7 10. Bd3 0-0 11. 0-0 b6 12. Be4 Bf6 13. Nxd5 exd5 14. Bxh7+ Kxh7 15. Qc2+ g6 16. Qxc6 Ba6 17. Rfe1 Rh8 18. Rac1 Rc8 19. Qa4 Bc4 20. Qd1 Kg7 21. Bf4 Qd7 22. Qd2 Qf5 23. Be5 Bb3 24. Bxf6+ Qxf6 25. Rc3 Ba4 26. Rec1 Bd7 27. Ne5 Rxc3 28. Rxc3 Be6 29. Nf3 1/2-1/2

[Event "BCF-chT qual (4NCL)"]
[Site "England"]
[Date "2002.06.02"]
[Round "2"]
[White "Keeling, Karen"]
[Black "Punnett, Alan Kenneth"]
[Result "0-1"]
[WhiteElo "2038"]
[BlackElo "2121"]
[PlyCount "62"]
[EventDate "2002.06.??"]
[EventType "team"]
[EventRounds "8"]
[EventCountry "ENG"]
[SourceTitle "EXT 2005"]
[Source "ChessBase"]
[SourceDate "2004.11.15"]
[SourceVersion "1"]
[SourceVersionDate "2004.11.15"]
[SourceQuality "1"]
[WhiteTeam "White Rose"]
[BlackTeam "Guildford"]
[WhiteTeamCountry "ENG"]
[BlackTeamCountry "ENG"]

1. c4 e6 2. g3 d5 3. Bg2 Nf6 4. Nf3 Be7 5. 0-0 0-0 6. d4 c5 7. Qc2 cxd4 8. Nxd4 Nc6 9. Nxc6 bxc6 10. Nd2 a5 11. Rd1 Ba6 12. a3 Qb6 13. e3 Rab8 14. Bf1 Rfc8 15. b3 Nd7 16. Bb2 Bf6 17. Bxf6 Nxf6 18. Qc3 c5 19. Rab1 d4 20. exd4 cxd4 21. Qa1 Bb7 22. Bg2 Bxg2 23. Kxg2 e5 24. Kg1 e4 25. b4 e3 26. Nf3 exf2+ 27. Kxf2 Ne4+ 28. Kg2 Nc3 29. bxa5 Qe6 30. Re1 Rxb1 31. Rxb1 Qe2+ 0-1

[Event "BCF-chT3 0102 (4NCL)"]
[Site "Birmingham"]
[Date "2002.05.06"]
[Round "11.8"]
[White "Ghasi, Sumeet"]
[Black "Keeling, Karen"]
[Result "0-1"]
[WhiteElo "1928"]
[BlackElo "2048"]
[PlyCount "86"]
[EventDate "2001.09.??"]
[EventType "team"]
[EventRounds "11"]
[EventCountry "ENG"]
[SourceTitle "EXT 2003"]
[Source "ChessBase"]
[SourceDate "2002.11.25"]
[SourceVersion "1"]
[SourceVersionDate "2002.11.25"]
[SourceQuality "1"]
[WhiteTeam "Mindsports"]
[BlackTeam "White Rose II"]
[WhiteTeamCountry "ENG"]
[BlackTeamCountry "ENG"]

1. e4 c6 2. d4 d5 3. exd5 cxd5 4. c4 Nf6 5. Nc3 e6 6. c5 Be7 7. Nf3 0-0 8. Bd3 b6 9. b4 a5 10. Na4 Nbd7 11. a3 axb4 12. axb4 bxc5 13. bxc5 e5 14. Nxe5 Nxe5 15. dxe5 Bxc5 16. Bg5 Qa5+ 17. Bd2 Bb4 18. exf6 Re8+ 19. Kf1 Bxd2 20. Qc2 Ba6 21. Kg1 Bxd3 22. Qxd3 Qxa4 23. Rf1 Qc4 24. Qb1 Rab8 25. Qd1 Qc3 26. g3 d4 27. Qg4 g6 28. h4 d3 29. h5 Qxf6 30. hxg6 hxg6 31. Qc4 Rbc8 32. Qxd3 Rcd8 33. Qb5 Re1 34. Kg2 Rxf1 35. Rxf1 Bc3 36. Qb7 Bd4 37. Kg1 Kg7 38. Qg2 Rh8 39. Rd1 Rd8 40. Rc1 Bb2 41. Rc6 Qd4 42. Ra6 Qd1+ 43. Kh2 Rh8+ 0-1

[Event "BCF-chT 0102 (4NCL)"]
[Site "Birmingham"]
[Date "2002.05.05"]
[Round "10.8"]
[White "Regan, Natasha"]
[Black "Keeling, Karen"]
[Result "1/2-1/2"]
[WhiteElo "2185"]
[BlackElo "2038"]
[PlyCount "53"]
[EventDate "2001.09.22"]
[EventType "team"]
[EventRounds "11"]
[EventCountry "ENG"]
[SourceTitle "CBM 084 Extra"]
[Source "ChessBase"]
[SourceDate "2001.10.26"]
[SourceVersion "1"]
[SourceVersionDate "2001.10.26"]
[SourceQuality "1"]
[WhiteTeam "Barbican"]
[BlackTeam "Thistle White Rose"]
[WhiteTeamCountry "ENG"]
[BlackTeamCountry "ENG"]

1. e4 c6 2. d4 d5 3. e5 c5 4. dxc5 Nc6 5. Nf3 Bg4 6. Bb5 e6 7. Be3 Qa5+ 8. Nc3 Nge7 9. a3 Qc7 10. h3 Bxf3 11. Qxf3 Qxe5 12. 0-0-0 Qf5 13. Qe2 0-0-0 14. f4 d4 15. Bd3 Qxc5 16. Ne4 Qb6 17. Ng5 Nd5 18. Bd2 Bxa3 19. Bb5 Bxb2+ 20. Kxb2 Rd7 21. Ka1 Nc3 22. Bxc3 dxc3 23. Qc4 a6 24. Rxd7 axb5 25. Qxc3 Kxd7 26. Rd1+ Ke7 27. Qxg7 1/2-1/2

[Event "Jersey op"]
[Site "St Helier"]
[Date "2002.02.24"]
[Round "1"]
[White "House, Glenn"]
[Black "Keeling, Karen"]
[Result "1-0"]
[WhiteElo "2309"]
[BlackElo "2048"]
[PlyCount "57"]
[EventDate "2002.02.24"]
[EventType "swiss"]
[EventRounds "7"]
[EventCountry "JCI"]
[SourceTitle "CBM 086 Extra"]
[Source "ChessBase"]
[SourceDate "2002.03.14"]
[SourceVersion "1"]
[SourceVersionDate "2002.03.14"]
[SourceQuality "1"]

1. e4 c6 2. c4 d5 3. exd5 cxd5 4. cxd5 Nf6 5. Nc3 Nxd5 6. d4 e6 7. Nf3 Nc6 8. Bd3 Be7 9. 0-0 Nxc3 10. bxc3 Bf6 11. Qc2 h6 12. Qe2 g6 13. Rd1 Kf8 14. Bf4 Kg7 15. Nd2 Kh7 16. Ne4 Bg7 17. Qf3 f5 18. Nd6 Qd7 19. Bb5 a6 20. Bxc6 bxc6 21. Rab1 Ra7 22. Rb6 c5 23. Be5 Bxe5 24. dxe5 Qe7 25. Rdb1 a5 26. Qc6 Rc7 27. Qa8 Bd7 28. Qxa5 Bc6 29. Rxc6 1-0

[Event "Guernsey op 27th"]
[Site "Guernsey"]
[Date "2001.10.21"]
[Round "1"]
[White "Keeling, Karen"]
[Black "Van Voorthuijsen, Pieter W"]
[Result "1/2-1/2"]
[WhiteElo "2048"]
[BlackElo "2319"]
[PlyCount "108"]
[EventDate "2001.10.21"]
[EventType "swiss"]
[EventRounds "7"]
[EventCountry "GCI"]
[SourceTitle "EXT 2002"]
[Source "ChessBase"]
[SourceDate "2001.11.25"]
[SourceVersion "1"]
[SourceVersionDate "2001.11.25"]
[SourceQuality "1"]

1. c4 e6 2. g3 d5 3. Bg2 Nf6 4. Nf3 Be7 5. 0-0 0-0 6. d4 Nbd7 7. Nbd2 c6 8. b3 b6 9. Bb2 Bb7 10. Rc1 Rc8 11. e3 c5 12. cxd5 exd5 13. Qe2 a5 14. Rfd1 Rc7 15. Nb1 c4 16. bxc4 dxc4 17. a4 Bb4 18. Nc3 Bxc3 19. Bxc3 Qa8 20. Nh4 Bxg2 21. Nxg2 Qc6 22. Qa2 Nd5 23. Qa3 N7f6 24. Be1 Ne7 25. Nf4 Qe4 26. d5 Nf5 27. Qb2 Ng4 28. Qxb6 Rfc8 29. d6 Rd7 30. Qa6 Rcd8 31. Rxc4 Qf3 32. Rd2 g5 33. Rc8 gxf4 34. Rxd8+ Rxd8 35. d7 fxg3 36. hxg3 Ngxe3 37. fxe3 Qxe3+ 38. Kf1 Nxg3+ 39. Kg2 Qxe1 40. Qxa5 Qe7 41. Kxg3 Rxd7 42. Rxd7 Qxd7 43. Qg5+ Kf8 44. a5 Qd3+ 45. Kh4 Qd4+ 46. Kh5 f6 47. Qh6+ Kg8 48. a6 Qd5+ 49. Kg4 Qc4+ 50. Kh5 Qb5+ 51. Kg4 Qxa6 52. Kf5 Qf1+ 53. Ke6 Qf3 54. Ke7 Qb7+ 1/2-1/2

[Event "BCF-chT3b 0001 (4NCL)"]
[Site "Birmingham"]
[Date "2001.01.27"]
[Round "5.6"]
[White "Hammond, Terry J"]
[Black "Keeling, Karen"]
[Result "1/2-1/2"]
[WhiteElo "1903"]
[BlackElo "1688"]
[PlyCount "60"]
[EventDate "2000.11.26"]
[EventType "team-tourn"]
[EventRounds "7"]
[EventCountry "ENG"]
[SourceTitle "EXT 2002"]
[Source "ChessBase"]
[SourceDate "2001.11.25"]
[SourceVersion "1"]
[SourceVersionDate "2001.11.25"]
[SourceQuality "1"]
[WhiteTeam "Bristol III"]
[BlackTeam "White Rose II"]
[WhiteTeamCountry "ENG"]
[BlackTeamCountry "ENG"]

1. e4 c6 2. d4 d5 3. exd5 cxd5 4. c4 Nf6 5. Nc3 e6 6. Nf3 Bb4 7. cxd5 Nxd5 8. Bd2 Nc6 9. Bd3 Nf6 10. Ne4 0-0 11. 0-0 Be7 12. Qe2 Bd7 13. a3 Rc8 14. Rfd1 Qb6 15. Bg5 Nd5 16. Nc3 Nf6 17. Rac1 Rfe8 18. Bb1 a6 19. Qd3 g6 20. b4 Qd8 21. Ba2 Nd5 22. Nxd5 Bxg5 23. Nxg5 Qxg5 24. Nb6 Rcd8 25. Qc3 Ne7 26. d5 Nxd5 27. Nxd5 exd5 28. Rxd5 Rc8 29. Rc5 Rxc5 30. bxc5 Bc6 1/2-1/2

[Event "BCF-chT3b 0001 (4NCL)"]
[Site "Birmingham"]
[Date "2000.11.25"]
[Round "3.7"]
[White "Keeling, Karen"]
[Black "Stojanovic, Andjelija"]
[Result "1/2-1/2"]
[WhiteElo "1688"]
[BlackElo "2127"]
[PlyCount "51"]
[EventDate "2000.11.26"]
[EventType "team-tourn"]
[EventRounds "7"]
[EventCountry "ENG"]
[SourceTitle "EXT 2002"]
[Source "ChessBase"]
[SourceDate "2001.11.25"]
[SourceVersion "1"]
[SourceVersionDate "2001.11.25"]
[SourceQuality "1"]
[WhiteTeam "White Rose II"]
[BlackTeam "Barbican III"]
[WhiteTeamCountry "ENG"]
[BlackTeamCountry "ENG"]

1. c4 e5 2. g3 Nf6 3. Bg2 c6 4. d4 exd4 5. Qxd4 Be7 6. Nc3 0-0 7. Nf3 d5 8. cxd5 cxd5 9. 0-0 Nc6 10. Qd1 a6 11. e3 Bg4 12. Ne2 Ne4 13. Nfd4 Nxd4 14. exd4 Ng5 15. Qd3 Nh3+ 16. Kh1 Bf6 17. Nf4 Nxf4 18. Bxf4 Re8 19. Be3 Qd7 20. Qb3 Be2 21. Rfc1 Bc4 22. Qd1 Qf5 23. Qf3 Qxf3 24. Bxf3 Red8 25. b3 Bb5 26. Rc3 1/2-1/2